مكتبة جامعة عجلون الوطنية

فهرس بحث المكتبة

Normal view MARC view
  • صناديق المعاشات التقاعدية - الدول العربية

Entry Topical Term

Number of records used in: 1

001 - CONTROL NUMBER

  • control field: 34436

003 - CONTROL NUMBER IDENTIFIER

  • control field: JO-AjAnu

005 - DATE AND TIME OF LATEST TRANSACTION

  • control field: 20230606075753.0

008 - FIXED-LENGTH DATA ELEMENTS

  • fixed length control field: 230606|| aca||aabn | a|a d

040 ## - CATALOGING SOURCE

  • Original cataloging agency: JO-AjAnu
  • Transcribing agency: JO-AjAnu

150 ## - HEADING--TOPICAL TERM

  • Topical term or geographic name entry element: صناديق المعاشات التقاعدية - الدول العربية

670 ## - SOURCE DATA FOUND

  • Source citation: Work cat.: (JO-AjAnu)17688: المنظمة العربية للتنمية الادارية ، اعمال مؤتمرات, author 34435, إدارة صناديق التأمين والمعاشات : بحوث وأوراق عمل